01147 2200361 4500001002100000005001500021035002000036007000300056040001700059245013000076250001100206300003500217020002200252041000800274082000800282084001400290090001800304264003600322336002100358337003000379338002300409650001000432850001000442008004100452100002700493500006100520700008000581700003000661504002500691990002300716990002300739990002300762INLIS00000000000579720260425115947 a0010-0322000041ta aSBPUPADbind1 aHukum Kepegawaian Di Indonesia /cSri Hartini;Pengarang Ke-2 ,Setiajeng Kadarsih ,Pengarang Ke-3,Tedi Sudrajat;Editor,Tarmizi aCet. 1 ax, 198 Hal. :billus. ;c23 cm a978-979-007-241-10 aind a342 a342 SRI h a342 IND a 9-6 aJakarta :bSinar Grafika,c2008 2rdacontentaTeks 2rdamediaaTanpa Perantara 2rdacarrieraVolume 4aHukum aPUPAD260425 0 0 aSri HartiniePengarang aIndeks,Hlm 195,Glosarium,Hlm 183,Tentang Penulis,Hlm 1970 aPengarang Ke-2 ,Setiajeng Kadarsih ,Pengarang Ke-3,Tedi SudrajatePengarang0 aEditor,TarmiziePengarang aBibliografi, Hlm 177 a13496/BR/KAPD/2010 a13495/BR/KAPD/2010 a13494/BR/KAPD/2010